000 00539cam a2200205 4500
001 D16262
008 090401t1985 xxu||||| |||| 00| 0 eng d
035 _a(Sirsi) u28291
041 _aeng
050 _a333.007
110 _aRoyal Institution of Chartered Surveyors
_94900
245 _aStudent liason: guidance notes on the foster firm scheme
260 _bRICS
_c1985
300 _a8p. 30cm
350 _a0
520 _aFiled in box RICS 1985/56 A
710 _aJunior Organisation
_91081
942 _n0
948 _c04/03/1997
999 _c89231
_d89231